Old geographical names still in use - Statistics

General Stats
  • This quiz has been taken 52 times
  • The average score is 4 of 15
Answer Stats
Clue Name % Correct
Name for Kolkata in Latin-based languages Calcutta
98%
Name for a certain Chinese city, in several languages Peking
58%
Russian region, a former city name Leningrad
56%
Spanish name for Guangzhou Canton
52%
German name for Gdansk Danzig
50%
German name for Kaliningrad Königsberg
33%
The old old name for that city, used in Czech! Petrohrad
17%
Polish region Pomeranian Voivodeship
15%
Russian region, the former name of Yekaterinburg Sverdlovsk
10%
Latin word for Prussia Borussia
6%
Hungarian city still listed in Italian under its original name, Cinquechiese Pecs
6%
Belarus in French Bielorussie
4%
Angolan region Zaire
2%
Aachen's Latin name, still used in Italian Aquisgrana
0%
Old name for Essaouira in Morocco, still used in German Mogador
0%
No matching quizzes found
Score Distribution
Percent of People with Each Score
Percentile by Number Answered
Your Score History
You have not taken this quiz